Notre système solaire - Statistiques

Statistiques générales
  • Ce quiz a été pris 320 fois
  • Le résultat moyen est 10 sur 13
Statistiques - réponses
Ordre/Type Nom % Correct
3e Planète Terre
100%
4e Planète Mars
99%
2e Planète Venus
98%
5e Planète Jupiter
97%
2e Planète naine Pluton
96%
6e Planète Saturne
96%
7e Planète Uranus
96%
1re Planète Mercure
95%
8e Planète Neptune
94%
1re Planète naine Cérès
35%
4e Planète naine Makémaké
26%
5e Planète naine Eris
25%
3e Planète naine Hauméa
19%
Aucun quiz correspondant
Distribution des résultats
% des personnes avec chaque résultat
Percentile par nombre de réponses
Votre historique - résultats
Vous n’avez pas pris ce quiz